| 000 | 00330nam a2200133Ia 4500 | ||
|---|---|---|---|
| 100 | _aMidwinter/ Gambling/ ed. | ||
| 942 | _cRB | ||
| 654 | _awideband | ||
| 245 | _aOfficial technology and wideband Local networks | ||
| 260 |
_bThe royal society _aLondon _c1989 |
||
| 082 |
_a621.380414 _bMID |
||
| 300 | _a153 | ||
| 546 | _aENGLISH | ||
| 999 |
_c30884 _d30884 |
||